000 00409nam a22001577a 4500
999 _c61383
_d61383
005 20240304123213.0
008 240304s2005 tu ||||| |||| 00| 0 tur d
020 _a975659330X
041 _atur
080 _a821.512.161 D-53
245 _a Divan Şiirinden Seçmeler.
264 _aIstanbul,
_c2005.
300 _a188 p.;
_b21 cm.
653 _aთურქული პოეზია
942 _2udc
_cBK